Library Banner

The politically incorrect guide to science / (Record no. 97700)

MARC details
000 -LEADER
fixed length control field 00521cam a22001814a 4500
001 - CONTROL NUMBER
control field 14132130
005 - DATE AND TIME OF LATEST TRANSACTION
control field 20171027102737.0
008 - FIXED-LENGTH DATA ELEMENTS--GENERAL INFORMATION
fixed length control field 051004s2005 dcua b 001 0 eng
020 ## - INTERNATIONAL STANDARD BOOK NUMBER
International Standard Book Number 089526031X (pbk.)
040 ## - CATALOGING SOURCE
Transcribing agency PK-LaUMT
082 00 - DEWEY DECIMAL CLASSIFICATION NUMBER
Classification number 509.73
Edition number 22
Item number BET-P
100 1# - MAIN ENTRY--PERSONAL NAME
Personal name Bethell, Tom
245 14 - TITLE STATEMENT
Title The politically incorrect guide to science /
Statement of responsibility, etc Tom Bethell
260 ## - PUBLICATION, DISTRIBUTION, ETC. (IMPRINT)
Place of publication, distribution, etc Washington, DC :
Name of publisher, distributor, etc Regnery Publishing ;
Date of publication, distribution, etc 2005
300 ## - PHYSICAL DESCRIPTION
Extent xiii, 270 p. :
Other physical details ill. ;
Dimensions 23 cm.
650 #0 - SUBJECT ADDED ENTRY--TOPICAL TERM
Topical term or geographic name as entry element Science
Geographic subdivision United States.
942 ## - ADDED ENTRY ELEMENTS (KOHA)
Koha item type Books
Holdings
Withdrawn status Lost status Damaged status Home library Current library Date acquired Full call number Barcode Date last seen Price effective from Koha item type
      UMT Main Campus UMT Main Campus 2017-08-28 509.73 BET-P 113910 2017-08-28 2017-08-28 Books